Разработка мерзлых грунтов при механизированном рытье траншей

Bibliographic Details
Main Author: Абезгауз В. Д. Виктор Давидович
Other Authors: Гальперин М. И. Марк Исаевич
Language:Russian
Published: Москва, Гостоптехиздат, 1962
Subjects:
Format: Book
KOHA link:https://koha.lib.tpu.ru/cgi-bin/koha/opac-detail.pl?biblionumber=89518

MARC

LEADER 00000nam0a2200000 4500
001 89518
005 20231031103056.0
035 |a (RuTPU)RU\TPU\book\96044 
090 |a 89518 
100 |a 20060124d1962 m y0rusy50 ca 
101 0 |a rus 
102 |a RU 
105 |a a z 001zy 
200 1 |a Разработка мерзлых грунтов при механизированном рытье траншей  |f В. Д. Абезгауз, М. И. Гальперин 
210 |a Москва  |c Гостоптехиздат  |d 1962 
215 |a 95 с.  |c ил. 
320 |a Библиогр.: с 93-94 
610 1 |a грунты 
610 1 |a мерзлые грунты 
610 1 |a разработка 
610 1 |a механизация 
610 1 |a траншеи 
610 1 |a проходка 
675 |a 624.134  |v 3 
675 |a 624.132  |v 3 
700 1 |a Абезгауз  |b В. Д.  |g Виктор Давидович 
701 1 |a Гальперин  |b М. И.  |g Марк Исаевич 
801 1 |a RU  |b 63413507  |c 20060124  |g PSBO 
801 2 |a RU  |b 63413507  |c 20060125  |g PSBO 
942 |c BK